La revolución secreta : del estado de derecho al estado judicial : un ensayo sobre constitución y método /

Estudio crítico jurista aleman Bernd Rüthers (1930) sobre los métodos seguidos por los tribunales alemanes, en especial el Tribunal Constitucional Federal Alemán, en la resolución de sus casos y en la interpretación de la Constitución.

Guardado en:
Bibliografiske detaljer
Hovedforfatter: Rüthers, Bernd (autor)
Format: Bog
Sprog:spansk
Udgivet: Madrid, España : Marcial Pons, 2020, c2020
Serier:(Filosofía y Derecho Marcial Pons)
Fag:
Tags: Tilføj Tag
Ingen Tags, Vær først til at tagge denne postø!

MARC

LEADER 00000nam^a2200000^a^4500
001 000418607
005 20250521000000.0
009 20260310122421.373
020 |a 978-84-9123-763-1 
037 |a Acervo ITESO - Biblioteca 
041 |a ESP 
082 |a 340. 1  |b FYD V. 27 
100 |a Rüthers, Bernd  |e (autor) 
245 1 3 |a La revolución secreta :  |b del estado de derecho al estado judicial : un ensayo sobre constitución y método /  |c B. Rüthers ; introd. y tr. por Francisco J. Campos Zamora. 
264 4 |a Madrid, España :  |b Marcial Pons,  |c 2020, c2020 
300 |a 169 p. 
336 |a texto  |b txt  |2 rdacontenido 
337 |a sin mediación  |b n  |2 rdamedio 
338 |a volumen  |b nc  |2 rdasoporte 
440 1 |a (Filosofía y Derecho Marcial Pons) 
500 |a Traducción de: Die heimliche Revolution vom Rechtsstaat zum Richterstaat: Verfassung und Methoden. Ein Essay 
520 |a Estudio crítico jurista aleman Bernd Rüthers (1930) sobre los métodos seguidos por los tribunales alemanes, en especial el Tribunal Constitucional Federal Alemán, en la resolución de sus casos y en la interpretación de la Constitución. 
521 |a Peticiones 2020 
649 |a XX 
650 |a Tribunales Constitucionales -  |z Alemania -  |x Tema Principal 
650 |a Constitución, 1949 -  |z Alemania 
650 |a Argumentación Jurídica -  |z Alemania 
650 |a Racionalismo -  |x Historia y Crítica 
650 |a Juspositivismo -  |x Historia y Crítica 
650 |a Derecho Procesal Constitucional -  |z Alemania 
650 |a Derecho Constitucional -  |z Alemania -  |x Tema Principal 
650 |a Derecho Público -  |z Alemania 
650 |a Derecho -  |z Alemania -  |x Interpretación -  |x Tema Principal 
910 |a Fondo General 
920 |a Impresos - Libros 
930 |a Colección General 
905 |a 101 
901 |a 0500328647  |b IT1  |c ACC  |i C171858  |u 20250521 
902 |a https://opac.biblio.iteso.mx/vufind/Record/000418607